[Event "Grenke Chess Classic 5th"]
[Site "Karlsruhe/Baden-Baden"]
[Date "2018.04.06"]
[Round "6"]
[White "Carlsen, Magnus"]
[Black "Aronian, Levon"]
[Result "1/2-1/2"]
[WhiteElo "2843"]
[BlackElo "2794"]
[PlyCount "104"]
[EventDate "2018.03.31"]
[EventType "tourn"]
[EventRounds "9"]
[EventCountry "GER"]
[EventCategory "20"]
[SourceTitle "CBM 184"]
[Source "ChessBase"]
[SourceDate "2018.05.16"]
[SourceVersion "1"]
[SourceVersionDate "2018.05.16"]
[SourceQuality "1"]

1. c4 Nf6 2. Nc3 e6 3. e4 d5 4. cxd5 exd5 5. e5 Ne4 6. Nf3 Bf5 7. d3 Nxc3 8. bxc3 c5 9. d4 c4 10. g3 Be7 11. Bg2 Bd3 12. Ng1 Qa5 13. Bd2 Nc6 $146 ({RR} 13... Ba3 14. Ne2 Bb2 15. Rb1 Qxa2 16. O-O Nc6 17. Nf4 Bxb1 18. Qxb1 Qb3 19. Nxd5 Rd8 20. Qf5 Ba3 21. Nc7+ Kf8 22. Ne6+ Kg8 23. Ng5 Rf8 24. Bd5 Nd8 25. e6 {1-0 (25) Sebenik,M (2570)-Gong,Q (2321) Batumi 2018}) 14. Ne2 Ba3 15. O-O O-O 16. Re1 Rad8 17. Bg5 Bb2 18. Bxd8 Rxd8 19. Rc1 Bxe2 20. Qxe2 Bxc1 21. Rxc1 Qa3 22. Qe3 b5 23. e6 f6 24. h4 Ne7 25. Rb1 a6 26. Qd2 Qd6 27. a4 bxa4 28. Qa2 a3 29. Rb4 h5 30. Qxa3 Nc6 31. Ra4 Qxa3 32. Rxa3 a5 33. e7 Nxe7 34. Rxa5 Rb8 35. Bxd5+ Nxd5 36. Rxd5 Rb3 37. Rxh5 Rxc3 38. Rc5 Rc1+ 39. Kg2 c3 40. Kf3 c2 41. Kf4 Rd1 42. Rxc2 Rxd4+ 43. Kf5 Kh7 44. f4 Ra4 45. Rc5 Kh6 46. Rd5 Ra6 47. g4 g6+ 48. Ke4 Ra4+ 49. Rd4 Ra5 50. Rd5 Ra4+ 51. Ke3 Ra3+ 52. Rd3 Ra6 1/2-1/2

[Event "Moscow Tal Memorial 6th"]
[Site "Moscow"]
[Date "2011.11.18"]
[Round "3"]
[White "Kramnik, Vladimir"]
[Black "Carlsen, Magnus"]
[Result "1/2-1/2"]
[WhiteElo "2800"]
[BlackElo "2826"]
[Annotator "Ramirez Alvarez,Alejandro"]
[PlyCount "81"]
[EventDate "2011.11.16"]
[EventType "tourn"]
[EventRounds "9"]
[EventCountry "RUS"]
[EventCategory "22"]
[SourceTitle "CBM 146"]
[Source "ChessBase"]
[SourceDate "2012.01.18"]
[SourceVersion "1"]
[SourceVersionDate "2012.01.18"]
[SourceQuality "1"]
[TimeControl "6000+30"]

1. c4 e5 2. g3 Nf6 3. Bg2 h6 {This waiting move is not unknown. Black is waiting for White to define the positions of some of his pieces before defining his own.} 4. Nc3 Bb4 5. e4 Nc6 (5... Bxc3 {right away is far more popular, and has been the choice of several top-GMs. Magnus has a completely different idea.}) 6. Nge2 Bc5 {The bishop returns to c5 now that the dark squares have been weakened.} 7. d3 d6 8. h3 (8. O-O Bg4 {might be uncomfortable as another defender of the dark squares will be traded off.}) 8... Nh7 $5 {[%csl Rd4][%cal Gh7g5,Gg5e6,Rh7f8,Rf8e6,Re6d4] Already quite original play. Black is targeting the weakness left on h3 after an eventual 0-0, gaining a tempo in a long but useful manoeuvre. He also prepares a potential f5, though it does not happen in this game.} (8... O-O 9. O-O Be6 {was also perfectly possible.}) 9. a3 a6 10. O-O Ng5 11. Kh2 Ne6 {The  lands in e6, cementing the control over d4 and becoming quite useful overall.} 12. f4 Bd7 13. b4 Ba7 14. Nd5 Ned4 15. Nec3 {The position is very messy. White has more space everywhere but has a glaring weakness in d4. His king is safe for now, but the more he expands on the kingside the more vulnerable he becomes. Magnus tries to lure him into doing precisely that.} Be6 16. f5 Bd7 17. Rb1 Nb8 $5 {with the simple idea of playing c6. Black's pieces do seem awkward, but he has great control over the dark squares since he provoked f5.} 18. c5 (18. Qg4 Kf8 $1 {is very unclear. Notice how it is difficult for White to develop any sort of kingside initiative.}) 18... dxc5 19. bxc5 Bc8 {It seems like Black is playing completely aimlessly, but it's actually not so simple. If White's initiative doesn't take off NOW he will be pushed back in a few moves. The c5-pawn is quite vulnerable, his  on g2 is not participating in the game just yet and his structure is not great, not to mention he still has no control over d4. Kramnik MUST use these next few moves.} 20. Qh5 $146 (20. Qg4 $1 Kf8 {and again it is unclear why the  is on g4, however there is a subtle point this time around.} (20... g5 {is a much stronger move.} 21. Qh5 c6 $1 22. Bxg5 Qxg5 23. Nc7+ $1 (23. Qxg5 hxg5 24. Nc7+ Kd8 25. Nxa8 Bxc5 26. Nb6 Bxb6 27. Rxb6 Nb5 $1 {traps the rook on b6.}) 23... Ke7 $1 (23... Kd8 $2 24. Qxf7 Rg8 25. g4 {and the presence of the queens clearly favours White.}) 24. Qxg5+ hxg5 25. Nxa8 Bxc5 26. Na4 $44 {is plenty of compensation for Black because of his strong hold on the dark squares, but White is up the exchange.}) (20... g6 $2 21. Rxb7 h5 22. Qg5 Qxg5 (22... Bxb7 23. Nf6+ Ke7 24. fxg6 $18) 23. Nxc7+ Kd7 24. Nxa8+ Bxb7 25. Bxg5 Bxa8 26. fxg6 $18) 21. Qh5 Nd7 $2 (21... f6 22. Nxf6 $1 $18 Qxf6 (22... gxf6 23. Bxh6+ Rxh6 24. Qxh6+ Kg8 25. Nd5 Nd7 26. Qg6+ Kh8 27. Qh5+ Kg8 28. g4 {The idea of g5 is unstoppable, and the attack irresistible.} c6 29. g5 $1 {A great piece sacrifice to finish Black off quickly.} cxd5 30. exd5 Qf8 31. d6 $18 {and the passive bishop jumps into action with deadly consequences.}) 23. Nd5 Qf7 (23... Qd8 24. f6 {is clearly crushing.}) 24. Qxf7+ Kxf7 25. Nxc7 Bxc5 26. Nxa8 $18 {and the  should make it back. Black still has some dark square control but an exchange and a pawn is an exchange and a pawn.}) (21... Nbc6 22. f6 g6 23. Bxh6+ Ke8 24. Qxg6 {Anyways!} fxg6 25. f7+ Kd7 26. f8=Q Rxf8 27. Rxf8 Qxf8 28. Bxf8 Ne6 29. Rf1 $1 $16 {and White has an extra pawn; although his bishop on g2 is relatively out of play, Black's pieces aren't that great either. Black might have some compensation but White holds the advantage.}) (21... Bxc5 22. f6 g6 23. Qxe5 {[%csl Rc7,Rd4][%cal Ge5c7,Gc1e3,Ge3d4] is a big disadvantage of not being developed. With the centre being ripped open like this (Black will soon lose control over d4) his position becomes hopeless.}) 22. f6 {and now g6 is not possible since xh6 is check.} g6 23. Bxh6+ Ke8 {and now Black would be ok after g5 xc5, but the bombshell is...} 24. Qxg6 $1 {and White should be just winning.}) ({RR} 20. Qg4 Kf8 21. Qh5 Nbc6 22. Na4 f6 23. Bd2 Rb8 24. Nab6 Kg8 25. Nxc8 Rxc8 26. Rfc1 Rb8 27. h4 Qf8 28. Bh3 Bxc5 29. Rxc5 Qxc5 30. Nxf6+ gxf6 31. Qg6+ Kf8 32. Qxf6+ Ke8 33. Qxh8+ Qf8 34. Qxf8+ Kxf8 {Enkhnar,E (2438)-Shtyrenkov,V (2293) Alushta 2016 1-0 (42)}) 20... Nd7 21. Na4 (21. f6 $2 g6 {is just pointless now.}) (21. Bg5 Qxg5 22. Qxg5 hxg5 23. Nxc7+ Kd8 24. Nxa8 Bxc5 {gives Black a fantastic position for the sacrificed material. That is assuming that the  on a8 ever gets out without too many losses.}) 21... c6 $5 {The start of fantastic complications.} (21... Nf6 22. Qh4 Nxd5 23. Qxd8+ Kxd8 24. exd5 Bd7 $13 {looks quite good for Black, though White is not without chances in this position. Maybe a strange dynamic equality.}) 22. Ndb6 (22. Bg5 {was another possibility, but Black should come out on top after barely sacrificing the exchange.}) 22... Nxc5 {You could say this is the critical point: if White takes on a8 Magnus will take the  on a4 and it is hard to believe the a8- will ever be retrieved. Kramnik proves it is not as easy as that.} 23. f6 g5 {Forced.} 24. Bxg5 $5 (24. Nxc8 Qxc8 $8 25. Nxc5 Bxc5 26. h4 $5 {is very messy, but was probably better than the game continuation.} Rg8 (26... gxh4 $6 27. Qxe5+ Ne6 28. Bh3 hxg3+ 29. Kg2 {and it's hard to find a good move for Black.}) 27. Bh3 Ne6 28. Bb2 Bd6 {and White has a lot of play for his pawn. Notice how important it is to have activated the white squared bishop in these lines. That's why I think this idea of 24.xc8 and an eventual h4 is stronger.}) 24... Nxa4 25. Nxa8 (25. Nxa4 $6 b5 26. Nc3 Be6 {looks quite good for Black.}) 25... b5 26. Be3 Bb8 27. g4 {...with the idea of g5-g6. There are tons of possibilities for Black, let's look at some of them.} Rg8 $1 {Personally I think this move is best. It calmly gives away a pawn, but controls the important g6-square, which means Magnus doesn't have to worry about the kingside being blasted open any time soon.} (27... c5 $5 28. g5 Be6 29. g6 fxg6 30. Qxg6+ Bf7 31. Qg7 Rg8 32. Qxh6 Bd6 33. Bxd4 exd4+ 34. e5 Bxe5+ 35. Kh1 Rxg2 36. Kxg2 Qxa8+ 37. Kg1 $11 {With both kings so exposed, it is impossible to believe one side will win this. A perpetual is the most likely outcome.}) (27... Be6 {trying to immediately trap the  on a8, quick action must be taken.} 28. g5 Ba7 29. g6 Qxa8 30. g7 Rg8 31. Qxh6 $13 {Black will never rid himself of the strong passed pawns, but he dominates the rest of the board. I would prefer to be White but anything can happen.}) (27... Nc5 {bringing the  back into action!} 28. g5 Be6 29. g6 $2 (29. gxh6 $1 Nd7 30. Qg5 Nf8 {is again very difficult to asess.}) 29... fxg6 30. Qxg6+ Bf7 31. Qg7 Rg8 32. Qxh6 Nce6 $1 {and since the  is so active in this line, Black should be better. The centre is held nicely and the  on a8 is doomed.}) 28. Qxh6 Be6 29. Rbc1 Kd7 $1 {Protects the rook on g8, the pawn on c6, threatens ...xg4 and puts the  on a safer square!} 30. Bxd4 exd4+ 31. e5 Nc3 32. Rxc3 {Absolutely forced.} (32. Qf4 $2 Ba7 {and White is lost, as pointed out by Vlad during the postmortem.}) 32... Bxe5+ 33. Kh1 dxc3 34. Qe3 {Again, Black has options. 34...d6, d6 and the move played in the game all come to mind.} Qb8 (34... Bd6 35. Qa7+ (35. Nb6+ Kc7 36. Na4 $1 {a fantastic resource!} bxa4 $4 (36... Kb8 37. Nxc3 Bc7 {and White's square weaknesses are starting to tell, since Black's king is rather safe. The game is still complex though.}) 37. Qa7+ Kc8 38. Qa8+ Bb8 39. Qxa6+ Kd7 40. Qxc6#) 35... Ke8 36. Qxa6 Kf8 37. Qxc6 Rh8 {[%cal Gh8h1] looks dangerous for White.}) (34... Kd6 $5 {Getting away from potential checks on a7 and defending the bishop. However the king might be a little over exposed.} 35. d4 Bxf6 36. Qxc3 Ke7 37. Qxc6 Bxd4 38. Nc7 Qd7 39. Qxd7+ $11) 35. Qc5 $6 {Easy to attach a ?! when using an engine to analyse, but truth be told this move looks like the most obvious way to a draw.} (35. d4 $5 Bd6 36. d5 cxd5 37. Nb6+ Kd8 (37... Kc6 $2 38. Nxd5 Bxd5 39. Qxc3+ $18) 38. Nxd5 Bxd5 39. Bxd5 $13 {with a very murky position. Any queen trade will transpose the game into an opposite coloured bishop endgame in which the chances for a draw are high.}) 35... Qd6 36. Qa7+ Kd8 37. Qxa6 (37. Nb6 Rg6 {Black is simply threatening xf6, with a decisive advantage, so White has to do something quickly. It seems like he doesn't have enough resources.} 38. Qa8+ Qb8 39. Qxc6 Rxf6 40. Rxf6 Bxf6 41. Nd5 Bg7 $1 (41... Bd4 42. Nb4 $1 {The only fighting chance.} (42. Nxc3 $2 Qg3 $19 {and the attack is decisive.}) 42... Qb6 (42... Qg3 43. Qa8+ Ke7 $2 44. Nc6+ $18) 43. Qa8+ Ke7 44. Nc6+ Kd7 45. Nxd4 Qxd4 46. Qxa6 Qxd3 $15 {and Black's king is too vulnerable to try to win, but obviously he is the only one with chances.}) 42. Nxc3 Qe5 43. Qb6+ Qc7 {Forcing the exchange of queens.} 44. Qxc7+ Kxc7 {and Black is down a pawn, but he has dominating bishops and an active king, not to mention a soon to be passed pawn on the queenside. This looks very difficult to hold for White.}) 37... Bd4 $1 {A nice move, which cuts off the coordination between the  and the , as well as creating Black's own threats on the K-side.} 38. Qa5+ Kc8 39. Qa6+ Kd8 40. Qa5+ Kc8 41. Qa6+ {And... surprise! Magnus claims three-fold repetition in a position computers claim he is winning! A small explanation is required. A wild game and you cannot blame the players for being exhausted after so much calculation.} (41. Qa6+ Kb8 42. Nb6 {The problem is that in this situation neither of the players considered the move ...c8. It does seem quite strange, but it beautifully prevents all of White's counterplay, leaving Black with a dominating position.} Bc8 {Note that without this move, the game would simply end in a perpetual.} 43. Qa8+ (43. Nxc8 Rxc8 44. a4 b4 45. Qc4 Qc5 {and computers think Magnus is winning, but that's not so obvious at a first glance.}) 43... Kc7 44. Nxc8 (44. Qa7+ Bb7 {is the point} 45. Nd5+ Qxd5 {and Black wins.}) 44... Rxc8 45. Qa5+ Kb8 {White has now exhausted his resources. His position will collapse since he must now shift the focus on to protecting against the c-pawn.}) 1/2-1/2

[Event "Norway Chess 2024"]
[Site "Stavanger, Norway"]
[Date "2024.05.27"]
[Round "2.1"]
[White "Ding, Liren"]
[Black "Carlsen, Magnus"]
[Result "1/2-1/2"]
[WhiteElo "2762"]
[BlackElo "2830"]
[Annotator "Stockfish 16.1 - Chessbase"]
[PlyCount "129"]
[EventDate "2024.??.??"]

1. c4 {[%eval 13,0]} e5 {[%eval 11,0]} 2. g3 {[%eval 16,0]} Nf6 {[%eval 25,0]} 3. Bg2 {[%eval 16,0]} h6 {[%eval 27,0]} 4. Nc3 {[%eval 25,0]} ({RR} 4. d3 Bb4+ 5. Bd2 Bxd2+ 6. Qxd2 O-O 7. Nf3 Re8 8. O-O c6 9. c5 b6 10. Rc1 bxc5 11. Rxc5 e4 12. Ne1 Qb6 13. d4 Na6 14. Rc1 Rb8 15. b3 Nb4 16. Nc3 d6 17. Nc2 a5 18. Ne3 Ba6 {1-0 Fedoseev,V (2683)-Ivic,V (2570) World Blitz 2023 Samarkand UZB (9.21)}) 4... Bb4 {[%eval 17,0]} 5. e4 {[%eval 17,0]} d6 {[%eval 24,0]} ({RR} 5... Bxc3 {RR} 6. bxc3 d6 7. Ne2 O-O 8. O-O b6 9. f4 Ba6 10. d3 Nc6 11. h3 Nd7 12. a4 Nc5 13. f5 f6 14. g4 Kf7 15. Ng3 Na5 16. Ra3 Qd7 17. h4 Rh8 18. Rf2 Rad8 19. Bf3 Bb7 20. g5) 6. Nge2 {[%eval 19,0]} Bc5 $146 {[%eval 57,0]} ({RR} 6... Nc6 7. O-O ({RR} 7. h3 Bc5 8. d3 O-O ({RR} 8... Nh7 9. a3 a6 10. O-O Ng5 11. Kh2 Ne6 12. f4 Bd7 13. b4 Ba7 14. Nd5 Ned4 15. Nec3 Be6 16. f5 Bd7 17. Rb1 Nb8 18. c5 ({RR} 18. Qg4 Kf8) 18... dxc5 19. bxc5 Bc8 20. Qh5 ({RR} 20. Qg4 Kf8 ({RR} 20... g5 21. Qh5 c6 22. Bxg5 Qxg5 23. Nc7+ ({RR} 23. Qxg5 hxg5 24. Nc7+ Kd8 25. Nxa8 Bxc5 26. Nb6 Bxb6 27. Rxb6 Nb5) 23... Ke7 ({RR} 23... Kd8 24. Qxf7 Rg8 25. g4) 24. Qxg5+ hxg5 25. Nxa8 Bxc5 26. Na4) ({RR} 20... g6 21. Rxb7 h5 22. Qg5 Qxg5 ({RR} 22... Bxb7 23. Nf6+ Ke7 24. fxg6) 23. Nxc7+ Kd7 24. Nxa8+ Bxb7 25. Bxg5 Bxa8 26. fxg6) 21. Qh5 Nd7 ({RR} 21... f6 22. Nxf6 Qxf6 ({RR} 22... gxf6 23. Bxh6+ Rxh6 24. Qxh6+ Kg8 25. Nd5 Nd7 26. Qg6+ Kh8 27. Qh5+ Kg8 28. g4 c6 29. g5 cxd5 30. exd5 Qf8 31. d6) 23. Nd5 Qf7 ({RR} 23... Qd8 24. f6) 24. Qxf7+ Kxf7 25. Nxc7 Bxc5 26. Nxa8) ({RR} 21... Nbc6 22. f6 g6 23. Bxh6+ Ke8 24. Qxg6 fxg6 25. f7+ Kd7 26. f8=Q Rxf8 27. Rxf8 Qxf8 28. Bxf8 Ne6 29. Rf1) ({RR} 21... Bxc5 22. f6 g6 23. Qxe5) 22. f6 g6 23. Bxh6+ Ke8 24. Qxg6)) 9. Na4 ({RR} 9. O-O Be6) 9... Nd4 10. Nxc5 dxc5 11. O-O Qd6 12. Nxd4 cxd4 13. f4 Nd7 14. f5 f6 15. h4 a5 16. g4 Ra6 17. Rf3 Rf7 18. Rg3 Nf8 19. g5 fxg5 20. hxg5 hxg5 21. Bxg5 Nh7) ({RR} 7. a3 Bc5 ({RR} 7... Bxc3 8. Nxc3 Be6 9. d3 Qd7 10. h3 g5 11. Nd5 Bxd5 12. cxd5 Nd4 13. Be3 O-O-O 14. Rc1 Kb8 15. Bxd4 exd4 16. Rc4 h5 17. Rxd4 h4 18. g4 Qe7 19. Qd2 Qe5 20. Qe3 Rhe8 21. O-O Rc8) 8. b4 Bb6 9. h3 a5 10. Rb1 O-O 11. O-O Nh7 12. Nd5 Ba7 13. b5 Ne7 14. d4 Nxd5 15. cxd5 f5 16. Bb2 fxe4 17. dxe5 dxe5 18. Bxe5 Ng5 19. Nf4 Qe7 20. Ng6 Qe8 21. Nxf8 Qxe5) 7... Bg4 8. d3 Qd7 9. Be3 Bc5 10. Qd2 h5 11. f3 Bh3 12. Nd5 Bxg2 13. Kxg2 Nxd5 14. cxd5 Bxe3 15. Qxe3 Nb4 16. Qd2 Qb5 17. d4 h4 18. a4 Qd3 19. Qxd3 Nxd3 20. Ra3 hxg3 21. hxg3 {½-½ Visakh N R (2506)-Aditya Mittal (2607) Dubai Police Global Chess Challenge 202 Dubai Police Officers Club, A 2024 (6.2)}) ({RR} 6... Nc6 7. O-O Bg4 8. d3 Qd7 9. Be3 Bc5 10. Qd2 h5 11. f3 Bh3 12. Nd5 Bxg2 13. Kxg2 Nxd5 14. cxd5 Bxe3 15. Qxe3 Nb4 16. Qd2 Qb5 17. d4 h4 18. a4 Qd3 19. Qxd3 Nxd3 20. Ra3 hxg3 21. hxg3 {½-½ Visakh,N (2511)-Aditya,M (2608) Dubai Police Open A 2024 Dubai UAE (6.2)}) 7. h3 {[%eval 2,0]} a5 {[%eval 68,0]} 8. O-O {[%eval 32,0]} Nc6 {[%eval 27,0]} 9. d3 {[%eval 23,0]} Nh7 {[%eval 45,0]} 10. Kh2 {[%eval 41,0]} Nf8 {[%eval 58,0]} 11. f4 {[%eval 62,0]} Ne6 {[%eval 75,0]} 12. f5 $146 {[%eval 51,0]} ({RR} 12. Nd5 Bd7 13. Bd2 Nb4 14. Bc3 Nc6 15. a3 a4 16. Bd2 h5 17. f5 Ned4 18. Nec3 Nb3 19. Nb5 Rc8 20. Rb1 Nxd2 21. Qxd2 Nd4 22. Nxd4 Bxd4 23. f6 g6 24. Ne7 Ra8 25. Qg5 Be6 26. Nf5 gxf5 {Niemann,H (2733)-Carlsen,M (2832) Paris FRA 2024 ½-½ (82)}) 12... Ned4 {[%eval 49,0]} 13. Nxd4 {[%eval 38,0]} Nxd4 {[%eval 41,0]} 14. Rb1 {[%eval 32,0]} Bd7 {[%eval 37,0]} 15. b3 {[%eval 15,0]} b5 {[%eval 21,0]} 16. Qg4 {[%eval 6,0]} Kf8 {[%eval 2,0]} 17. Qh5 {[%eval 46,0]} f6 {[%eval 3,0]} 18. Qd1 {[%eval 58,0]} b4 {[%eval 75,0]} 19. Na4 {[%eval 98,0]} Ba7 {[%eval 9,0]} 20. Bf3 {[%eval 87,0]} Nxf3+ {[%eval 38,0]} 21. Rxf3 {[%eval 32,0]} Qe8 {[%eval 25,0]} 22. g4 {[%eval 6,0]} Bd4 {[%eval 59,0]} 23. Be3 {[%eval 55,0]} Bxe3 {[%eval 48,0]} 24. Rxe3 {[%eval 51,0]} Bxa4 {[%eval 3,0]} 25. bxa4 {[%eval 37,0]} c5 {[%eval 1,0]} 26. h4 {[%eval 8,0]} Ke7 {[%eval 12,0]} 27. Rh3 {[%eval 0,0]} Kd8 {[%eval 8,0]} 28. Qc2 {[%eval 3,0]} Kc7 {[%eval 7,0]} 29. Rg1 {[%eval 9,0]} Kb6 {[%eval 7,0]} 30. Rgg3 {[%eval 0,0]} Qe7 {[%eval 5,0]} 31. Kg2 {[%eval 4,0]} Rh7 {[%eval 0,0]} 32. Kf2 {[%eval 7,0]} Rah8 {[%eval 1,0]} 33. Ke1 {[%eval 21,0]} Qe8 {[%eval 16,0]} 34. Kd1 {[%eval 34,0]} Ka6 {[%eval 2,0]} 35. Kc1 {[%eval 6,0]} Kb6 {[%eval 5,0]} 36. Kb2 {[%eval 1,0]} Ka6 {[%eval 0,0]} 37. Kb3 {[%eval 5,0]} Kb6 {[%eval 0,0]} 38. Qh2 {[%eval 1,0]} Qg8 {[%eval 2,0]} 39. Qg2 {[%eval 12,0]} Qd8 {[%eval 14,0]} 40. Qf3 {[%eval 4,0]} Qe8 {[%eval 2,0]} 41. Rh1 {[%eval 8,0]} Qd8 {[%eval 0,0]} 42. Rhg1 {[%eval 1,0]} Qe8 {[%eval 1,0]} 43. Rh3 {[%eval 5,0]} Qd8 {[%eval 0,0]} 44. Rgh1 {[%eval 0,0]} Qg8 {[%eval 2,0]} 45. Qg3 {[%eval 0,0]} Ka6 {[%eval 0,0]} 46. g5 {[%eval 0,0]} hxg5 {[%eval 0,0]} 47. hxg5 {[%eval 0,0]} Rxh3 {[%eval 0,0]} 48. Rxh3 {[%eval 0,0]} fxg5 {[%eval 0,0]} 49. Rxh8 {[%eval 0,0]} Qxh8 {[%eval 0,0]} 50. Qxg5 {[%eval 3,0]} Qh1 {[%eval 0,0]} 51. Kc2 {[%eval 0,0]} Qa1 {[%eval 3,0]} 52. Qd8 {[%eval 8,0]} Qc3+ {[%eval 15,0]} 53. Kb1 {[%eval 17,0]} Qxd3+ {[%eval 2,0]} 54. Kb2 {[%eval 28,0]} Qd4+ {[%eval 38,0]} 55. Kb1 {[%eval 44,0]} Qxe4+ {[%eval 0,0]} 56. Kb2 {[%eval 0,0]} Qc6 {[%eval 0,0]} 57. Qe7 {[%eval 7,0]} Qg2+ {[%eval 17,0]} 58. Kb1 {[%eval 0,0]} Qe4+ {[%eval 0,0]} 59. Kb2 {[%eval 0,0]} Qd4+ {[%eval 0,0]} 60. Kb1 {[%eval 1,0]} e4 {[%eval 0,0]} 61. Qd7 {[%eval 0,0]} Qd3+ {[%eval 0,0]} 62. Kb2 {[%eval 0,0]} Qd2+ {[%eval 0,0]} 63. Kb1 {[%eval 0,0]} Qd1+ {[%eval 0,0]} 64. Kb2 {[%eval 0,0]} Qd2+ {[%eval 0,0]} 65. Kb1 {[%eval 0,0]} 1/2-1/2